000 005270000a22001930004500
003 LK-CoMWRAF
005 20230916003815.0
008 230817t1979 ||||| |||| 00| 0 eng d
040 _aLK-CoMWRAF
_dLK-CoMWRAF
_eLK-CoMWRAF
041 _aeng
082 _a396.0954
_bDAS
100 _aDas, S
245 _aPurdah:
_bThe status of Indian Women
260 _aNew Delhi:
_bEss Ess publications,
_c1979
300 _aix, 289 p. ; 22 cm.
_bIndex included
650 _aWOMEN-India
650 _aSocial conditions-India
942 _cBK
999 _c636
_d636